| 000 | 00871nam a2200277 a 4500 | ||
|---|---|---|---|
| 008 | |||
| 020 | _a094956933X (paperback) | ||
| 040 |
_aNUST _cNUST |
||
| 049 | _aMAIN | ||
| 090 |
_aRC87 _bSTJ |
||
| 100 | 1 |
_aSt John Ambulance Australia., _aauthor. |
|
| 245 | 1 | 0 |
_aAustralian first aid/ _c St John Ambulance Australia. |
| 250 | _aSecond edition. | ||
| 260 |
_aAustralia : _bSt John Ambulance, _c1989. |
||
| 300 |
_axii, 165 pages : _bcolour illustrations ; _c21 cm. |
||
| 336 |
_atext _btxt _2rdacontent |
||
| 337 |
_aunmediated _bn _2rdamedia |
||
| 338 |
_avolume _bnc _2rdacarrier |
||
| 500 | _aIncludes index. | ||
| 650 | 1 | _aFirst aid in illness and injury. | |
| 650 |
_aWounds and injuries _xTreatment. |
||
| 907 |
_a.b10410399 _b04-10-21 _c04-10-21 |
||
| 003 | |||
| 005 | 20230120204321.0 | ||
| 942 |
_cBOOKS _kRC87 _mSTJ |
||
| 999 |
_c121056 _d121056 |
||